| Tag |
First Indicator |
Second Indicator |
Subfields |
| LEADER |
00000cam a2200000 a 4500 |
| 001 |
in00000436521 |
| 005 |
20160202095558.0 |
| 008 |
830308s1982 ilu 00010 eng |
| 010 |
|
|
|a 82015084
|
| 020 |
|
|
|a 0884624188
|
| 035 |
|
|
|a (OCoLC)09022315
|
| 035 |
|
|
|9 ABW6566AM
|
| 040 |
|
|
|a DLC
|c DLC
|d TXA
|d UtOrBLW
|
| 049 |
|
|
|a TXAM
|c [A09942379]
|
| 050 |
0 |
0 |
|a HD1375
|b .S749 1982
|
| 082 |
0 |
|
|a 333.33/8/0688
|2 19
|
| 100 |
1 |
|
|a Stone, Dave,
|d 1927-
|
| 245 |
1 |
0 |
|a New home sales /
|c Dave Stone.
|
| 264 |
|
1 |
|a Chicago :
|b Real Estate Education Co.,
|c [1982]
|
| 264 |
|
4 |
|c ©1982
|
| 300 |
|
|
|a 400 pages ;
|c 24 cm.
|
| 336 |
|
|
|a text
|b txt
|2 rdacontent
|
| 337 |
|
|
|a unmediated
|b n
|2 rdamedia
|
| 338 |
|
|
|a volume
|b nc
|2 rdacarrier
|
| 650 |
|
0 |
|a House selling.
|
| 650 |
|
0 |
|a Real estate business.
|
| 999 |
|
|
|a MARS
|
| 999 |
f |
f |
|s 529bc793-bc8a-3488-b3a0-fcb801506d7b
|i d472fe29-7edc-39c4-9f7d-510e2461d280
|t 0
|
| 952 |
f |
f |
|p ric
|a Texas A&M University
|b Rellis Campus
|c Joint Library Facility
|d Remote Storage
|t 0
|e HD1375 .S749 1982
|h Library of Congress classification
|i unmediated -- volume
|m A14809942379
|
| 998 |
f |
f |
|a HD1375 .S749 1982
|t 0
|l Remote Storage
|